| 000 | 00556cam a2200205ua 4500 | ||
|---|---|---|---|
| 001 | 8515 | ||
| 005 | 20260515114337.0 | ||
| 008 | 150205n ii |||gr||||Z||||||eng | ||
| 040 | _cMAIN | ||
| 041 | _aeng | ||
| 082 | _a820 | ||
| 100 |
_aFord, B., _eEditor. |
||
| 245 | 1 |
_aNew pelican guide to english literature : _bVol III / _cEdited by Boris Ford . |
|
| 250 |
_a1st / _bFrom donne to marvell. |
||
| 260 |
_aLondon: _bPenguin, _c1984. |
||
| 300 | _a412p. | ||
| 653 | _aEnglish.& Old English literatures | ||
| 653 | _aEnglish literature | ||
| 942 | _cBK | ||
| 999 |
_c7610 _d7610 |
||